00744nam a2200229 a 4500001001300000003000900013005001700022008004100039020000800080082001700088100002300105245008100128260004400209300000900253500003500262505003300297700002300330902000800353942000700361952012900368999001700497nice12345678IN_TiNIC20260116013544.0050524s2001 kaua grp 000 0 eng  ac000a297.4bABD12 aAbdullah, Mohammad aIslamic Mysticism Shariah and Tariqahb Tasawwuf(sufism) from Quran and Hadi aKaulalumpurbSynergy Publicationsc2001 a156p aincludes index and biblioraphy2 aSelected Bibliography, Index1 aAbdullah, Mohammad bSRS cBK 001040708StackRoom-aHMIbHMId2013-08-26g0.00l2m1o297.4 ABD12p019991r2018-08-20s2018-08-08v0.00w2005-05-24yBK c11454d11454